Statistics for Random Knowledge 001

Click here to take the quiz!

General Stats

  • This quiz has been taken 15 times
  • The average score is 5 of 15

Answer Stats

HintAnswer% Correct
This famous lady has no eyebrows in her iconic portraitMona Lisa
93%
Tomatoes are a fruit, not a vegetable. Name one other "vegetable" that is actually a fruit.cucumber, squash, pumpkin, peppers, eggplant, avocado
64%
What species is the only flying mammal?bats
43%
What animal is more then 3000% more likely to be struck by lightning compared to humans?giraffes
43%
What animal has its name used to measure the rate at which work is done?horse
43%
What is the shortest complete sentence in the English language?I am
43%
Hippopotomonstrosesquippedaliophobia is the fear of what?long words
43%
At what temperature does the Fahrenheit scale and Celsius scale intersect (both have same measurement at this temperature)?-40
36%
What often worn garment can restrict blood flow to the brain by 7.5%?a tie
36%
Pound for pound, what is the strongest muscle in the body?the tongue
29%
What character was originally named Lunar Larry?Buzz Lightyear
21%
What were chainsaws initially used for?childbirth
21%
What does a person have extra of if they have polythelia?nipples
7%
What was he?a Rhesus monkey
0%
What is the name of the only NASCAR co-driver?Jocko Flocko
0%

Score Distribution

Percentile by Number Answered

Percent of People with Each Score

Your Score History

You have not taken this quiz